Antas ng kakayahan sa pagsasaling-wika ng mga mag-aaral ng ikasampung baitang sa University of Rizal System Tanay, Rizal / (Record no. 17185)
[ view plain ]
| 000 -LEADER | |
|---|---|
| fixed length control field | 01112nam a22002657i 4500 |
| 003 - CONTROL NUMBER IDENTIFIER | |
| control field | URS |
| 050 14 - LIBRARY OF CONGRESS CALL NUMBER | |
| Classification number | PN 241.5.P6 |
| Item number | Al799 2018 |
| 005 - DATE AND TIME OF LATEST TRANSACTION | |
| control field | 20220117151229.0 |
| 008 - FIXED-LENGTH DATA ELEMENTS--GENERAL INFORMATION | |
| fixed length control field | 190401s2018 ||||| |||| 00| 0 eng d |
| 100 1# - MAIN ENTRY--PERSONAL NAME | |
| Personal name | Altovar, Lumiel Panganiban, |
| Relator term | author |
| 260 ## - PUBLICATION, DISTRIBUTION, ETC. | |
| Date of publication, distribution, etc. | 2018 |
| 245 10 - TITLE STATEMENT | |
| Title | Antas ng kakayahan sa pagsasaling-wika ng mga mag-aaral ng ikasampung baitang sa University of Rizal System Tanay, Rizal / |
| Statement of responsibility, etc. | Lumiel Panganiban Altovar, Emari Modrigo Catambay, Kim Louise Lebria Fajalla. |
| 300 ## - PHYSICAL DESCRIPTION | |
| Extent | xiii, 65 leaves : |
| Other physical details | illustrations (some colour) ; |
| Dimensions | 28 cm |
| 336 ## - CONTENT TYPE | |
| Source | rdacontent |
| Content type term | text |
| 337 ## - MEDIA TYPE | |
| Source | rdamedia |
| Media type term | unmediated |
| 338 ## - CARRIER TYPE | |
| Source | rdacarier |
| Carrier type term | volume |
| 502 ## - DISSERTATION NOTE | |
| Dissertation note | Thesis |
| Degree type | Bachelor of Secondary Education |
| Name of granting institution | University of Rizal System Tanay |
| Year degree granted | 2019 |
| 504 ## - BIBLIOGRAPHY, ETC. NOTE | |
| Bibliography, etc. note | Includes bibliographical references. |
| 610 20 - SUBJECT ADDED ENTRY--CORPORATE NAME | |
| Corporate name or jurisdiction name as entry element | University of Rizal System |
| Subordinate unit | Tanay Campus |
| General subdivision | Students |
| 650 #0 - SUBJECT ADDED ENTRY--TOPICAL TERM | |
| Topical term or geographic name entry element | Translating and interpreting |
| Geographic subdivision | Philippines |
| 700 1# - ADDED ENTRY--PERSONAL NAME | |
| Personal name | Catambay, Emari Modrigo |
| Relator term | author |
| 700 1# - ADDED ENTRY--PERSONAL NAME | |
| Personal name | Fajalla, Kim Louise Lebria |
| Relator term | author |
| 700 1# - ADDED ENTRY--PERSONAL NAME | |
| Personal name | Evangelista, Jona F. |
| Relator term | degree supervisor |
| 942 ## - ADDED ENTRY ELEMENTS (KOHA) | |
| Source of classification or shelving scheme | Library of Congress Classification |
| Koha item type | Theses and dissertations |
| Withdrawn status | Source of classification or shelving scheme | Damaged status | Not for loan | Home library | Current library | Shelving location | Date acquired | Total Checkouts | Full call number | Barcode | Date last seen | Price effective from | Koha item type |
|---|---|---|---|---|---|---|---|---|---|---|---|---|---|
| Library of Congress Classification | Tanay College Library | Tanay College Library | Undergraduate Theses | 04/01/2019 | PN 241.5.P6 Al799 2018 | URSTAN-UGT4318 | 07/06/2023 | 04/01/2019 | Theses and dissertations |